Повести и рассказы

Dades bibliogràfiques
Autor principal: Чехов А. П. Антон Павлович
Idioma:rus
Publicat: Киев, Днiпро, 1985
Matèries:
Format: MixedMaterials Llibre
KOHA link:https://koha.lib.tpu.ru/cgi-bin/koha/opac-detail.pl?biblionumber=110852

MARC

LEADER 00000nam0a2200000 4500
001 110852
005 20241025063146.0
035 |a (RuTPU)RU\TPU\book\119714 
035 |a RU\TPU\book\113071 
090 |a 110852 
100 |a 20070302d1985 m y0rusy50 ca 
101 0 |a rus 
102 |a UA 
105 |a y z 000ay 
200 1 |a Повести и рассказы  |f А. П. Чехов 
210 |a Киев  |c Днiпро  |d 1985 
215 |a 400 с. 
610 1 |a русская литература 
610 1 |a повести 
610 1 |a рассказы 
610 1 |a 19 век 
675 |a Р1  |v 3 
700 1 |a Чехов  |b А. П.  |c русский писатель  |f 1860-1904  |g Антон Павлович  |7 ca  |8 rus  |2 stltpush  |3 (RuTPU)RU\TPU\pers\1035  |9 458 
801 1 |a RU  |b 63413507  |c 20050921  |g PSBO 
801 2 |a RU  |b 63413507  |c 20141223  |g PSBO 
942 |c BK